| 000 | 00378pab a2200145 454500 | ||
|---|---|---|---|
| 008 | 180718b2017 xxu||||| |||| 00| 0 eng d | ||
| 100 | _aLenka, Dibakar | ||
| 245 | _aTransparency in public food distribution through digitization | ||
| 260 | _c2017 | ||
| 300 | _ap.30-34. | ||
| 362 | _aFeb | ||
| 650 | _aPublic distribution system | ||
| 773 | _aKurukshetra | ||
| 909 | _a113604 | ||
| 999 |
_c113598 _d113598 |
||